🎶 Paroles "Les mains froides" Oldelaf - Statistiques

Statistiques générales
  • Ce quiz a été pris 71 fois
  • Le résultat moyen est 373 sur 416
Statistiques - réponses
Mots % Correct
à
100%
a
100%
d'
100%
Écoles
100%
froides
100%
j'
100%
J'
100%
je
100%
Je
100%
"Je
100%
"je
100%
le
100%
les
100%
Les
100%
m'
100%
Madère
100%
mains
100%
Monge
100%
n'
100%
s'
100%
t'
100%
T'
100%
Tu
100%
tu
100%
avais-
98%
avais
98%
Billy
98%
de
98%
es
98%
me
98%
ne
98%
on
98%
On
98%
Paul
98%
qu'
98%
si
98%
ai
95%
as
95%
C'
95%
c'
95%
ça
95%
Car
95%
dans
95%
Dans
95%
des
95%
en
95%
est
95%
Et
95%
et
95%
la
95%
pas
95%
"Pas
95%
que
95%
Que
95%
te
95%
tout,
95%
tout
95%
un
95%
ce
93%
même
93%
pour
93%
souviens
93%
sur
93%
ta
93%
tes
93%
vous
93%
au
90%
bien
90%
devais
90%
dit
90%
dit :
90%
dit
90%
mon
90%
nous
90%
plus
90%
poches
90%
seins
90%
sous
90%
temps,
90%
trouver
90%
beau
88%
embrassé
88%
était
88%
lu
88%
mis
88%
88%
par
88%
rien
88%
ton
88%
aime
85%
aime"
85%
avait
85%
chaud
85%
Mais
85%
mais
85%
neige
85%
rendez-
85%
rue
85%
thé
85%
tiennes
85%
appartient
83%
deux
83%
disque
83%
83%
du
83%
malgré
83%
moche ?
83%
pantalon
83%
Pourquoi
83%
pull
83%
reste,
83%
sentais
83%
suis
83%
sympa
83%
Toutes
83%
trop",
83%
venue
83%
ailleurs
80%
beige
80%
étais
80%
moi
80%
servi
80%
souri
80%
souri,
80%
traîne
80%
tremblotais
80%
verre
80%
vieux
80%
y
80%
fond
78%
glissé
78%
moment
78%
prendre
78%
trouées
78%
une
78%
allais
75%
allé
75%
chambre
75%
dire
75%
marché
75%
attendre
73%
futal
73%
manières"
73%
nul
73%
paroles
73%
poème"
73%
sans
73%
théorie
73%
trous
73%
aurais
70%
chercher
70%
folle :
70%
goûter
70%
gouttes
70%
juste
70%
lumière
70%
oreille
70%
sixième
70%
vraiment
70%
marchais
68%
Puis
68%
quelques
68%
vers
68%
éteint
65%
exposai
65%
laissas
65%
poèmes
65%
Toi,
65%
comptoir
63%
connais
63%
"Gars,
63%
levée,
63%
lire
63%
mot
63%
payé
63%
planquais
63%
prévu
63%
voyais
63%
yeux
63%
bistrot
60%
collée
60%
Il
60%
regarder
60%
tendre
60%
croisée
58%
noirs
58%
posé
55%
plissant
50%
restait
50%
souriais
45%
doucement
38%
Aucun quiz correspondant
Distribution des résultats
% des personnes avec chaque résultat
Percentile par nombre de réponses
Votre historique - résultats
Vous n’avez pas pris ce quiz